Canada: a visual journey
Enregistré dans:
| Auteur principal: | |
|---|---|
| Format: | Livre |
| Langue: | anglais |
| Publié: |
Vancouver
Whitecap
2013
|
| Édition: | 1a. ed |
| Collection: | Rincón Canadá
|
| Sujets: | |
| Tags: |
Ajouter un tag
Pas de tags, Soyez le premier à ajouter un tag!
|
MARC
| LEADER | 00000cam a2200000 a 4500 | ||
|---|---|---|---|
| 001 | UCE3738 | ||
| 003 | CL-VaPUC | ||
| 008 | 140925e20130000cn |||||||||||||||||eng|d | ||
| 020 | |a 155285759X | ||
| 020 | |a 9781552857595 | ||
| 082 | 0 | 4 | |a 971.17 |b KYI |2 21 |
| 100 | 0 | |a Kyi, Tanya Lloyd |e author |9 576232 | |
| 245 | 1 | 0 | |a Canada: a visual journey |
| 250 | |a 1a. ed | ||
| 300 | |a 250 p | ||
| 942 | |c BK | ||
| 945 | |d 20140925 17:45:00 |a arojas | ||
| 260 | |a Vancouver |b Whitecap |c 2013 | ||
| 650 | 7 | |a GUIAS TURISTICAS |2 CL-VaPUC |9 346990 | |
| 650 | 0 | |a Lugares turísticos |9 484548 | |
| 650 | 7 | |a LUGARES GEOGRAFICOS |2 CL-VaPUC |9 576233 | |
| 651 | 7 | |a CANADA |2 CL-VaPUC |9 576234 | |
| 583 | |a last modification |c 20140925 17:45:00 |k Rodrigo Vera | ||
| 490 | 0 | |a Rincón Canadá | |
| 999 | |c 356899 |d 356897 | ||
| 952 | |0 0 |1 0 |3 erd |4 0 |6 971_170000000000000_KYI_2013 |7 0 |8 X |9 464669 |a FDOBUD |b FDOBUD |i 5114373 |o 971.17 KYI 2013 |p 5114373 |r 2019-11-23 |w 2019-11-23 |y BK_X |z Catalogado en:20140925 |k BUD | ||